Śmieszne polskie nazwy zagranicznych zespołów muzycznych - Statystyki

Ogólne statystyki
  • Ten quiz został rozwiązany 30 razy
  • Średni wynik to 19 z 47
Statystyki odpowiedzi
Polska nazwa Angielska nazwa % Poprawnych
Całus Kiss
91%
Czerwone Ostre Papryczki Chili Red Hot Chili Peppers
91%
Skorpiony Scorpions
91%
Zielony Dzień Green Day
86%
Królowa Queen
86%
Policja The Police
86%
Blondynka Blondie
77%
Głęboka Purpura Deep Purple
77%
Żelazna Dziewica Iron Maiden
77%
Prąd Przemienny/Prąd Stały AC/DC
73%
Perłowy Dżem Pearl Jam
73%
Zwierzęta The Animals
73%
Drzwi The Doors
73%
Geneza Genesis
68%
Strzelby i Róże Guns N' Roses
68%
Erupcja Eruption
64%
Żuki The Beatles
64%
Orły The Eagles
64%
Alicja w Łańcuchach Alice in Chains
55%
Toczące się Kamienie The Rolling Stones
55%
Żurawiny The Cranberries
50%
Sterowiec z Diodami Led Zeppelin
41%
Klub Kulturalny Culture Club
36%
Ogród Dźwięków Soundgarden
32%
Współczesne Gadanie Modern Talking
27%
Dziewięciocalowe gwoździe Nine Inch Nails
27%
Podniebny Kowal Aerosmith
23%
Bez Wątpienia No Doubt
23%
Tłuczące Dynie The Smashing Pumpkins
23%
Chwała Trzech Dni Three Days Grace
23%
Po Prostu Czerwień Simply Red
18%
Przyjmij To! Take That
18%
Kowale The Smiths
18%
Plotka Gossip
14%
Wyrzutek OutKast
14%
Chłopcy ze Sklepu Zoologicznego Pet Shop Boys
14%
Aksamitne Podziemie The Velvet Underground
14%
Siła Smoka DragonForce
9%
Piloci z Kamiennej Świątyni Stone Temple Pilots
9%
Potyczka The Clash
9%
Kukły do Testów Wytrzymałościowych Crash Test Dummies
5%
Cud The Prodigy
5%
Poważne Tarapaty Dire Straits
0%
Przelotność Evanescence
0%
Królowie Cyganów Gypsi Kings
0%
Sen Paradoskalny R.E.M.
0%
Siepacz Slayer
0%
Nie znaleziono quizów pasujących do podanych kryteriów
Rozkład punktacji
Procent ludzi z każdym wynikiem
Percentyl według liczby udzielonych odpowiedzi
Twoja historia wyników
Nie rozwiązałeś tego quizu